[Event "Quebec-ch"]
[Site "Montreal CAN"]
[Date "1987.06.06"]
[Round "9"]
[White "Ivanov, Igor V"]
[Black "Spraggett, Grant"]
[Result "1/2-1/2"]
[WhiteElo "2495"]
[BlackElo "2186"]
[PlyCount "95"]
[GameId "2160767912649714"]
[EventDate "1987.05.27"]
[EventType "tourn"]
[EventRounds "9"]
[EventCountry "CAN"]

1. c4 e5 2. Nc3 d6 3. g3 Nc6 4. Bg2 g6 5. e3 Be6 6. b3 Bg7 7. Nge2 Qd7 8. Nd5 Rc8 9. h3 f5 10. d4 Nd8 11. dxe5 dxe5 12. Bb2 c6 13. Ndf4 Qc7 14. Nxe6 Nxe6 15. b4 Nf6 16. Qb3 e4 17. O-O O-O 18. Rfd1 c5 19. Nf4 Nxf4 20. gxf4 cxb4 21. c5+ Qf7 22. Bf1 Qxb3 23. axb3 a6 24. Bc4+ Kh8 25. Bd4 Rc7 26. Ra4 Nd7 27. c6 Bxd4 28. Rxd4 Nb6 29. Rxb4 Rxc6 30. Bd5 Nxd5 31. Rxd5 Rf7 32. Rbd4 Kg7 33. b4 b5 34. Kg2 Kh6 35. Rd7 Rxd7 36. Rxd7 Rc4 37. Rd6 Rxb4 38. Rxa6 Kh5 39. Rb6 Rb1 40. Rb7 h6 41. Rb6 b4 42. Rb5 b3 43. Rb8 b2 44. Rb7 g5 45. Rb6 g4 46. hxg4+ Kxg4 47. Rg6+ Kh5 48. Rb6 1/2-1/2

[Event "Quebec-ch"]
[Site "Montreal CAN"]
[Date "1987.06.09"]
[Round "11"]
[White "Morin, Yves"]
[Black "Ivanov, Igor V"]
[Result "1/2-1/2"]
[WhiteElo "2168"]
[BlackElo "2495"]
[PlyCount "45"]
[GameId "2160767912649721"]
[EventDate "1987.05.27"]
[EventType "tourn"]
[EventRounds "9"]
[EventCountry "CAN"]

1. e4 e5 2. Nf3 Nc6 3. Bb5 a6 4. Ba4 Nf6 5. O-O Be7 6. Re1 b5 7. Bb3 O-O 8. a4 b4 9. c3 d6 10. h3 Rb8 11. d4 bxc3 12. bxc3 exd4 13. cxd4 d5 14. e5 Ne4 15. Ba3 Be6 16. Bc2 f5 17. Nbd2 Nxd2 18. Qxd2 Nxe5 19. Re3 Nf7 20. Qe1 Qd7 21. h4 h5 22. a5 g6 23. g3 1/2-1/2

[Event "CAN-ch 1986 playoff"]
[Site "Montreal CAN"]
[Date "1987.05.??"]
[Round "4"]
[White "Spraggett, Kevin"]
[Black "Ivanov, Igor V"]
[Result "1/2-1/2"]
[WhiteElo "2580"]
[BlackElo "2510"]
[PlyCount "58"]
[GameId "2160767912649874"]
[EventDate "1987.05.??"]
[EventType "match"]
[EventRounds "6"]
[EventCountry "CAN"]

1. d4 Nf6 2. Nf3 b6 3. c4 e6 4. g3 Bb7 5. Bg2 Bb4+ 6. Bd2 Bxd2+ 7. Qxd2 O-O 8. Nc3 Ne4 9. Qc2 Nxc3 10. Ng5 Qxg5 11. Bxb7 Nxe2 12. Qxe2 Nc6 13. Bxa8 Rxa8 14. Qe4 Qa5+ 15. Kf1 Qd2 16. d5 exd5 17. Qxd5 Qxb2 18. Re1 Qxa2 19. Re7 Rf8 20. Rxd7 Nb4 21. Qe4 Na6 22. Re7 Nc5 23. Qd5 Ne6 24. Kg2 Qe2 25. Rd7 h5 26. h4 Qg4 27. Kh2 Qe2 28. Kg2 Qg4 29. Kh2 Qe2 1/2-1/2

[Event "CAN-ch 1986 playoff"]
[Site "Montreal CAN"]
[Date "1987.05.??"]
[Round "6"]
[White "Spraggett, Kevin"]
[Black "Ivanov, Igor V"]
[Result "1-0"]
[WhiteElo "2580"]
[BlackElo "2510"]
[PlyCount "109"]
[GameId "2160767912649875"]
[EventDate "1987.05.??"]
[EventType "match"]
[EventRounds "6"]
[EventCountry "CAN"]

1. d4 Nf6 2. c4 e6 3. Nc3 Bb4 4. e3 O-O 5. Bd3 b6 6. Nge2 Ba6 7. e4 d6 8. O-O Bxc3 9. bxc3 e5 10. f4 Ne8 11. Ng3 Nc6 12. fxe5 dxe5 13. Ba3 Ne7 14. Qa4 Bc8 15. c5 bxc5 16. Bxc5 Nd6 17. Qa3 Ng6 18. Rad1 Re8 19. Bc2 Bg4 20. Rde1 Be6 21. Ba4 Bd7 22. Bb3 Be6 23. d5 Bg4 24. c4 Nf4 25. Be3 Nh5 26. Bf2 a5 27. c5 a4 28. Bc2 Nb5 29. Qb4 Nxg3 30. hxg3 c6 31. Rb1 Qa5 32. Qxa5 Rxa5 33. Be1 Ra7 34. Rxb5 cxb5 35. Bd3 Rb8 36. a3 Bd7 37. Bb4 Be8 38. Rc1 Ra6 39. c6 f6 40. Be2 h5 41. Rc5 Rab6 42. Ba5 Ra6 43. Bb4 Rab6 44. Kf2 g5 45. Ke3 g4 46. Kd2 Kg7 47. Kc3 Kg6 48. Ba5 Ra6 49. Kb4 Rba8 50. c7 Rc8 51. Bxb5 Bxb5 52. Kxb5 Rd6 53. Rc6 Rd7 54. d6 Rf7 55. Rb6 1-0

[Event "Montreal m"]
[Site "Montreal CAN"]
[Date "1987.??.??"]
[Round "1"]
[White "Ivanov, Igor V"]
[Black "Spraggett, Kevin"]
[Result "1-0"]
[WhiteElo "2510"]
[BlackElo "2550"]
[PlyCount "57"]
[GameId "2160767912650304"]
[EventDate "1987.??.??"]
[EventType "match"]
[EventRounds "5"]
[EventCountry "CAN"]
[SourceTitle "EXT 2002"]
[Source "ChessBase"]
[SourceDate "2001.11.25"]
[SourceVersion "1"]
[SourceVersionDate "2001.11.25"]
[SourceQuality "1"]

1. e4 e6 2. d4 d5 3. Nc3 Bb4 4. e5 Qd7 5. Bd2 b6 6. Bb5 Nc6 7. Nce2 Bf8 8. Nf3 Bb7 9. O-O a6 10. Bd3 O-O-O 11. c3 Nge7 12. b4 Kb8 13. a4 Nc8 14. Nc1 Ka7 15. Nb3 Nb8 16. Be3 f5 17. b5 c6 18. c4 dxc4 19. Bxc4 cxb5 20. axb5 Ne7 21. Nc5 bxc5 22. dxc5 Nd5 23. Bxd5 Qxd5 24. c6+ Bc5 25. Qc1 Kb6 26. cxb7 axb5 27. Qa3 Nc6 28. Rfc1 Bxe3 29. Qa6+ 1-0

[Event "Montreal m"]
[Site "Montreal CAN"]
[Date "1987.??.??"]
[Round "2"]
[White "Spraggett, Kevin"]
[Black "Ivanov, Igor V"]
[Result "1-0"]
[WhiteElo "2550"]
[BlackElo "2510"]
[PlyCount "89"]
[GameId "2160767912650305"]
[EventDate "1987.??.??"]
[EventType "match"]
[EventRounds "5"]
[EventCountry "CAN"]
[SourceTitle "EXT 2002"]
[Source "ChessBase"]
[SourceDate "2001.11.25"]
[SourceVersion "1"]
[SourceVersionDate "2001.11.25"]
[SourceQuality "1"]

1. d4 Nf6 2. Nf3 b6 3. c4 e6 4. g3 Bb7 5. Bg2 Bb4+ 6. Bd2 Bxd2+ 7. Qxd2 d6 8. Nc3 Ne4 9. Qf4 Qf6 10. Nd2 Nc5 11. Bxb7 Nxb7 12. Qe4 c6 13. d5 Nc5 14. Qg2 O-O 15. O-O cxd5 16. cxd5 Nba6 17. Rac1 Rac8 18. Rfd1 Nb4 19. dxe6 Qxe6 20. a3 Na2 21. Nxa2 Qxa2 22. Rc2 Qe6 23. Qf3 d5 24. Nf1 Ne4 25. Rxc8 Rxc8 26. Ne3 Rd8 27. Qf5 Nf6 28. Kg2 Qc6 29. Qc2 Qe6 30. Rd4 g6 31. Qd3 h5 32. h3 Re8 33. b4 Qc6 34. h4 Re5 35. Kg1 Qe6 36. a4 Kg7 37. Qc3 Ne4 38. Rxe4 dxe4 39. Nc4 Kf6 40. Kg2 Qd5 41. Kh2 Ke6 42. Nxe5 Qxe5 43. Qc6+ Ke7 44. e3 Kf8 45. Qa8+ 1-0

[Event "Montreal m"]
[Site "Montreal CAN"]
[Date "1987.??.??"]
[Round "3"]
[White "Ivanov, Igor V"]
[Black "Spraggett, Kevin"]
[Result "1/2-1/2"]
[WhiteElo "2510"]
[BlackElo "2550"]
[PlyCount "88"]
[GameId "2160767912650306"]
[EventDate "1987.??.??"]
[EventType "match"]
[EventRounds "5"]
[EventCountry "CAN"]
[SourceTitle "EXT 2002"]
[Source "ChessBase"]
[SourceDate "2001.11.25"]
[SourceVersion "1"]
[SourceVersionDate "2001.11.25"]
[SourceQuality "1"]

1. e4 c5 2. Nf3 d6 3. c3 Nf6 4. Bd3 Nc6 5. Bc2 Bg4 6. d3 e6 7. Nbd2 Be7 8. h3 Bh5 9. Nf1 d5 10. Ng3 Bg6 11. O-O Qc7 12. Re1 O-O 13. Qe2 Nd7 14. h4 dxe4 15. dxe4 h6 16. h5 Bh7 17. Nf1 Rfe8 18. N1h2 Rad8 19. Ng4 f6 20. e5 Bxc2 21. exf6 Nxf6 22. Nxf6+ Bxf6 23. Qxc2 Qf7 24. Qg6 Qxg6 25. hxg6 b6 26. Bd2 e5 27. Re4 Ne7 28. a4 Nxg6 29. Be3 Nh8 30. a5 Nf7 31. axb6 axb6 32. Ra7 Nd6 33. Rea4 Nf5 34. Re4 Nd6 35. Rea4 Nf5 36. Re4 Rd1+ 37. Kh2 Rb1 38. b4 Nxe3 39. fxe3 cxb4 40. cxb4 Rc8 41. Rb7 Rc6 42. Kg3 Rb2 43. Kh3 Re2 44. Nxe5 Bxe5 1/2-1/2

[Event "Montreal m"]
[Site "Montreal CAN"]
[Date "1987.??.??"]
[Round "5"]
[White "Ivanov, Igor V"]
[Black "Spraggett, Kevin"]
[Result "1/2-1/2"]
[WhiteElo "2510"]
[BlackElo "2550"]
[PlyCount "74"]
[GameId "2160767912650307"]
[EventDate "1987.??.??"]
[EventType "match"]
[EventRounds "5"]
[EventCountry "CAN"]
[SourceTitle "EXT 2002"]
[Source "ChessBase"]
[SourceDate "2001.11.25"]
[SourceVersion "1"]
[SourceVersionDate "2001.11.25"]
[SourceQuality "1"]

1. Nf3 Nf6 2. c4 e6 3. g3 d5 4. Bg2 Be7 5. O-O O-O 6. d4 c6 7. Qc2 Nbd7 8. b3 b5 9. c5 Ne4 10. Nbd2 f5 11. Bb2 a5 12. a3 a4 13. b4 Bf6 14. Nxe4 fxe4 15. Ne5 Nxe5 16. dxe5 Bg5 17. Rad1 Qe8 18. f3 exf3 19. exf3 Ra7 20. f4 Bh6 21. h4 g6 22. Rf2 Raf7 23. Bf1 Qd8 24. Bd3 Bd7 25. Rdf1 Rg7 26. Bc1 Be8 27. g4 Rgf7 28. h5 gxh5 29. g5 Bg7 30. Bxh7+ Kh8 31. Rh2 Qxg5+ 32. fxg5 Rxf1+ 33. Kg2 R1f2+ 34. Qxf2 Rxf2+ 35. Kxf2 Kxh7 36. Kf3 Bg6 37. Kf4 Kg8 1/2-1/2

[Event "CAN-ch"]
[Site "Winnipeg CAN"]
[Date "1986.??.??"]
[Round "?"]
[White "Allan, Denis"]
[Black "Ivanov, Igor V"]
[Result "1/2-1/2"]
[WhiteElo "2280"]
[BlackElo "2495"]
[PlyCount "87"]
[GameId "2160767912651065"]
[EventDate "1986.07.12"]
[EventType "tourn"]
[EventRounds "15"]
[EventCountry "CAN"]
[SourceTitle "CBM 004"]
[Source "ChessBase"]
[SourceDate "2004.01.01"]
[SourceVersion "1"]
[SourceVersionDate "2004.01.01"]
[SourceQuality "1"]

1. c4 c5 2. Nc3 e6 3. Nf3 Nf6 4. e3 d5 5. d4 Nc6 6. cxd5 exd5 7. Be2 cxd4 8. Nxd4 Bd6 9. O-O O-O 10. Bf3 Be5 11. Nce2 Qd6 12. g3 Bh3 13. Bg2 Bxg2 14. Kxg2 Rfe8 15. b3 Bxd4 16. Nxd4 Nxd4 17. Qxd4 Re4 18. Qd3 h5 19. f3 Re6 20. Qd4 Rc8 21. Rf2 Qe5 22. Qxe5 Rxe5 23. Bb2 Rxe3 24. Rd1 Rc6 25. Bxf6 Rxf6 26. Rxd5 g6 27. Rd7 a5 28. Rxb7 a4 29. f4 axb3 30. axb3 h4 31. gxh4 Kg7 32. Rf3 Re4 33. Kg3 Rf5 34. Rc7 Rd5 35. Rc4 Re2 36. h3 Rb2 37. f5 gxf5 38. Kf4 Rbd2 39. Rg3+ Kf6 40. Rc6+ Rd6 41. Rgc3 R2d4+ 42. Kf3 Rxc6 43. Rxc6+ Ke5 44. Rc5+ 1/2-1/2

[Event "Quebec-ch"]
[Site "Montreal CAN"]
[Date "1986.06.18"]
[Round "3"]
[White "Spraggett, Grant"]
[Black "Ivanov, Igor V"]
[Result "0-1"]
[WhiteElo "2175"]
[BlackElo "2485"]
[PlyCount "80"]
[GameId "2160767912651331"]
[EventDate "1986.06.16"]
[EventType "tourn"]
[EventRounds "11"]
[EventCountry "CAN"]
[SourceTitle "EXT 86b"]

1. e4 c5 2. Nc3 e6 3. g3 Nc6 4. Bg2 g6 5. d3 Bg7 6. Be3 b6 7. Nb5 Bxb2 8. Rb1 Bg7 9. f4 d5 10. e5 Nh6 11. Nd6+ Kf8 12. c3 Nf5 13. Nxf5 exf5 14. Qf3 Be6 15. d4 c4 16. Nh3 h6 17. O-O Kg8 18. Nf2 Qd7 19. Bc1 Bf8 20. Nd1 Rd8 21. Ne3 Na5 22. Rf2 Kh7 23. Bf1 Be7 24. h3 h5 25. Be2 b5 26. Bd2 Nc6 27. Bd1 Kg7 28. Rg2 b4 29. Bc2 Rb8 30. Qf1 bxc3 31. Bxc3 Rxb1 32. Bxb1 Ba3 33. g4 hxg4 34. hxg4 Ne7 35. g5 Qb7 36. Rh2 Rxh2 37. Kxh2 Bb2 38. Nd1 Bxc3 39. Nxc3 Qb2+ 40. Ne2 Nc6 0-1

[Event "Quebec-ch"]
[Site "Montreal CAN"]
[Date "1986.06.26"]
[Round "9"]
[White "Delisle, Claude"]
[Black "Ivanov, Igor V"]
[Result "1-0"]
[WhiteElo "2055"]
[BlackElo "2485"]
[PlyCount "53"]
[GameId "2160767912651364"]
[EventDate "1986.06.16"]
[EventType "tourn"]
[EventRounds "11"]
[EventCountry "CAN"]
[SourceTitle "EXT 86b"]

1. e4 c5 2. Nf3 e6 3. d4 cxd4 4. Nxd4 Nc6 5. Nc3 d6 6. Bc4 Nf6 7. Be3 Be7 8. Qe2 Bd7 9. O-O-O Rc8 10. f3 Na5 11. Bb3 O-O 12. g4 a6 13. g5 Ne8 14. Rhg1 b5 15. f4 b4 16. Nb1 Nxb3+ 17. axb3 Qa5 18. f5 exf5 19. exf5 Bxf5 20. Rdf1 Be4 21. Qg4 Bb7 22. Nf5 Qc7 23. c4 bxc3 24. bxc3 Rb8 25. Nh6+ gxh6 26. gxh6+ Kh8 27. Rxf7 1-0

[Event "Quebec-ch"]
[Site "Montreal CAN"]
[Date "1986.06.28"]
[Round "10"]
[White "Dupuis, Stephane"]
[Black "Ivanov, Igor V"]
[Result "0-1"]
[WhiteElo "2119"]
[BlackElo "2485"]
[PlyCount "92"]
[GameId "2160767912651372"]
[EventDate "1986.06.16"]
[EventType "tourn"]
[EventRounds "11"]
[EventCountry "CAN"]
[SourceTitle "EXT 86b"]

1. d4 Nf6 2. c4 e6 3. Nc3 Bb4 4. Qc2 O-O 5. Bg5 c5 6. e3 cxd4 7. exd4 Nc6 8. Nf3 d5 9. a3 Bxc3+ 10. Qxc3 b6 11. Bd3 dxc4 12. Bxc4 Bb7 13. O-O Na5 14. Ba2 Rc8 15. Qe3 h6 16. Bh4 Bxf3 17. gxf3 Nc4 18. Bxc4 Rxc4 19. Rfd1 g5 20. Bg3 Nd5 21. Qd3 Qc8 22. h4 gxh4 23. Be5 Ne7 24. Kh2 Ng6 25. Rg1 Kh7 26. Rg4 Rc2 27. Rxh4 Rg8 28. Bf4 Rxf2+ 29. Kg3 Qc2 30. Rxh6+ Kg7 31. Qxc2 Rxc2 32. Rah1 Rxb2 33. Bd6 Kf6 34. Rc1 Rd8 35. Be5+ Ke7 36. Rc7+ Rd7 37. Bf6+ Kd6 38. Rxd7+ Kxd7 39. Rh7 Ke8 40. d5 e5 41. Rg7 Kf8 42. f4 exf4+ 43. Kf3 Rd2 44. Ke4 f3 45. Rh7 f2 46. Rh1 Re2+ 0-1

[Event "Laurentides op"]
[Site "St-Jerome CAN"]
[Date "1986.??.??"]
[Round "?"]
[White "Ivanov, Igor V"]
[Black "Williams, Leo"]
[Result "1-0"]
[WhiteElo "2510"]
[BlackElo "2270"]
[PlyCount "67"]
[GameId "2160767912717235"]
[EventDate "1986.02.22"]
[EventType "swiss"]
[EventRounds "4"]
[EventCountry "CAN"]

1. d4 Nf6 2. c4 g6 3. g3 Bg7 4. Bg2 c5 5. Nf3 Nc6 6. d5 Na5 7. Nfd2 d6 8. Nc3 O-O 9. Qc2 e6 10. O-O exd5 11. cxd5 a6 12. b3 b5 13. Bb2 Ra7 14. e4 Re7 15. h3 Nh5 16. Rae1 Rfe8 17. Nd1 Bxb2 18. Qxb2 f5 19. Ne3 Ng7 20. f4 Rf8 21. e5 Nh5 22. g4 fxg4 23. e6 gxh3 24. Ng4 h6 25. Be4 Rg7 26. Nf3 Rxf4 27. Nxh6+ Kh7 28. Nf7 Rg4+ 29. Kh2 Qe7 30. Rg1 Nf6 31. N3g5+ Rxg5 32. Nxg5+ Kg8 33. Ref1 Nxe4 34. Nxe4 1-0

[Event "Quebec int"]
[Site "Montreal CAN"]
[Date "1986.??.??"]
[Round "1"]
[White "Ivanov, Igor V"]
[Black "Schroer, Jonathan"]
[Result "1-0"]
[WhiteElo "2485"]
[BlackElo "2370"]
[PlyCount "63"]
[GameId "2160767912717375"]
[EventDate "1986.??.??"]
[EventType "tourn"]
[EventRounds "9"]
[EventCountry "CAN"]
[EventCategory "8"]
[SourceTitle "EXT 1999"]
[Source "ChessBase"]
[SourceDate "1998.11.10"]
[SourceVersion "1"]
[SourceVersionDate "1998.11.10"]
[SourceQuality "1"]

1. d4 Nf6 2. c4 g6 3. Nc3 Bg7 4. e4 d6 5. Nf3 O-O 6. Be2 e5 7. d5 Nbd7 8. O-O Nc5 9. Qc2 a5 10. Bg5 h6 11. Be3 Nfd7 12. Nd2 f5 13. f3 f4 14. Bf2 g5 15. b3 h5 16. a3 Na6 17. Na4 Ndc5 18. Nxc5 dxc5 19. Kh1 g4 20. Rad1 Qg5 21. g3 Qh6 22. gxf4 exf4 23. Rg1 Qh7 24. Rg2 g3 25. hxg3 fxg3 26. Bxg3 Kh8 27. Rdg1 h4 28. Bxc7 Bd4 29. Bd6 Rd8 30. Bh2 h3 31. Rg5 Bxg1 32. Be5+ 1-0

[Event "Quebec int"]
[Site "Montreal CAN"]
[Date "1986.??.??"]
[Round "2"]
[White "Ivanov, Igor V"]
[Black "Pelts, Roman"]
[Result "0-1"]
[WhiteElo "2485"]
[BlackElo "2440"]
[PlyCount "126"]
[GameId "2160767912717379"]
[EventDate "1986.??.??"]
[EventType "tourn"]
[EventRounds "9"]
[EventCountry "CAN"]
[EventCategory "8"]
[SourceTitle "EXT 2002"]
[Source "ChessBase"]
[SourceDate "2001.11.25"]
[SourceVersion "1"]
[SourceVersionDate "2001.11.25"]
[SourceQuality "1"]

1. d4 d5 2. Nf3 e6 3. c4 Be7 4. Nc3 Nf6 5. Bg5 h6 6. Bh4 O-O 7. e3 b6 8. Bd3 Bb7 9. O-O Nbd7 10. Qe2 c5 11. Rad1 Ne4 12. Bg3 Nxg3 13. hxg3 cxd4 14. exd4 a6 15. Rfe1 Bb4 16. cxd5 exd5 17. Rc1 Re8 18. Qxe8+ Qxe8 19. Rxe8+ Rxe8 20. Na4 Rc8 21. Rxc8+ Bxc8 22. Bf5 Ba5 23. a3 g6 24. Bh3 f5 25. b4 b5 26. bxa5 bxa4 27. g4 Nb8 28. gxf5 Nc6 29. fxg6 Bxh3 30. gxh3 Nxa5 31. Ne5 Nb3 32. Nc6 Kg7 33. Kf1 Nd2+ 34. Ke2 Nc4 35. Nb4 Nxa3 36. Nxd5 Nc2 37. Kd3 Ne1+ 38. Kd2 Nf3+ 39. Ke3 Ne1 40. Nc3 a3 41. d5 Kxg6 42. Kd4 Kf6 43. Kc4 Ke5 44. f4+ Kxf4 45. d6 Nf3 46. Kd5 Ne5 47. Ke6 Nc6 48. d7 h5 49. Kd6 Nd8 50. Kc5 Kg3 51. Kb4 Kxh3 52. Kxa3 h4 53. Ne2 Kg4 54. Ng1 Kf4 55. Kb4 Nb7 56. Kc4 Ke4 57. Nh3 Ke5 58. Kb4 Kd6 59. d8=Q+ Nxd8 60. Ka5 Ne6 61. Kxa6 Ke5 62. Kb5 Ke4 63. Kc4 Kf3 0-1

[Event "Quebec int"]
[Site "Montreal CAN"]
[Date "1986.??.??"]
[Round "3"]
[White "Barbeau, Sylvain"]
[Black "Ivanov, Igor V"]
[Result "0-1"]
[WhiteElo "2290"]
[BlackElo "2485"]
[PlyCount "64"]
[GameId "2160767912717383"]
[EventDate "1986.??.??"]
[EventType "tourn"]
[EventRounds "9"]
[EventCountry "CAN"]
[EventCategory "8"]
[SourceTitle "EXT 2002"]
[Source "ChessBase"]
[SourceDate "2001.11.25"]
[SourceVersion "1"]
[SourceVersionDate "2001.11.25"]
[SourceQuality "1"]

1. d4 Nf6 2. Nf3 g6 3. Bf4 c5 4. c3 b6 5. e3 Bg7 6. Be2 d6 7. h3 O-O 8. O-O Bb7 9. a4 Nbd7 10. Nbd2 a6 11. Bh2 Ra7 12. b4 Ne4 13. Qb3 Qa8 14. Rfd1 Nxd2 15. Rxd2 Nf6 16. Rc1 Rc8 17. Rdd1 Bh6 18. a5 c4 19. Qa2 b5 20. Ne1 Ne4 21. Bf1 f5 22. Qe2 Rf8 23. f3 Nf6 24. g4 Qc8 25. gxf5 Qxf5 26. Bg2 Qe6 27. f4 Bxg2 28. Kxg2 Nd5 29. e4 Rxf4 30. e5 Ra8 31. Rc2 Rc8 32. Bg3 Rh4 0-1

[Event "Quebec int"]
[Site "Montreal CAN"]
[Date "1986.??.??"]
[Round "4"]
[White "Ivanov, Igor V"]
[Black "Spraggett, Kevin"]
[Result "1/2-1/2"]
[WhiteElo "2485"]
[BlackElo "2535"]
[PlyCount "241"]
[GameId "2160767912717389"]
[EventDate "1986.??.??"]
[EventType "tourn"]
[EventRounds "9"]
[EventCountry "CAN"]
[EventCategory "8"]
[SourceTitle "EXT 2002"]
[Source "ChessBase"]
[SourceDate "2001.11.25"]
[SourceVersion "1"]
[SourceVersionDate "2001.11.25"]
[SourceQuality "1"]

1. d4 d5 2. Nf3 Nf6 3. c4 dxc4 4. Nc3 c5 5. d5 e6 6. e4 exd5 7. exd5 Bd6 8. Bxc4 O-O 9. O-O Bg4 10. h3 Bxf3 11. Qxf3 Nbd7 12. Be2 Re8 13. Bg5 h6 14. Bh4 a6 15. a4 Qa5 16. Rfd1 Qb4 17. Bxf6 Nxf6 18. a5 Be5 19. Rd2 Rad8 20. g3 Bd4 21. Ra4 Bxc3 22. Rxb4 Bxb4 23. Rd1 Ne4 24. d6 Rxd6 25. Rxd6 Nxd6 26. Qd5 Rxe2 27. Qxd6 g6 28. b3 Ra2 29. Qb8+ Kg7 30. Qe5+ Kg8 31. Qe8+ Kg7 32. Qe5+ Kg8 33. h4 Rxa5 34. Qe8+ Kg7 35. Qe5+ Kg8 36. Qe8+ Kg7 37. Qe5+ Kg8 38. Qb8+ Kg7 39. h5 gxh5 40. Qxb7 Ra1+ 41. Kg2 a5 42. Qd5 Re1 43. Qxh5 Re6 44. Qd5 Re8 45. f4 Re3 46. Kf2 Re7 47. Kf3 Re1 48. Qd3 Rc1 49. Kg4 Re1 50. Qf3 Re6 51. Kh5 Rd6 52. Qe4 Bc3 53. Qc4 Bf6 54. Kg4 Rb6 55. Qd3 Bd4 56. Kh5 Rf6 57. Qb5 Rg6 58. g4 Rf6 59. f5 Rd6 60. Qxa5 Bf6 61. Qxc5 Rd3 62. g5 hxg5 63. Kg4 Rxb3 64. Qc4 Re3 65. Qc5 Rd3 66. Qb5 Rd4+ 67. Kg3 Rf4 68. Qd5 Bd4 69. Qd6 Ba1 70. Qd8 Rxf5 71. Kg4 Rf4+ 72. Kg3 Bf6 73. Qe8 Rd4 74. Kf3 Rh4 75. Kg3 Bd4 76. Qb5 f6 77. Qd7+ Kh6 78. Qf7 Be5+ 79. Kf3 Rf4+ 80. Kg3 Rc4+ 81. Kh3 Rc3+ 82. Kg2 g4 83. Qf8+ Kg5 84. Qg7+ Kf4 85. Qh6+ Ke4 86. Qd2 Rc7 87. Qb4+ Kf5 88. Qb1+ Kg5 89. Qe4 Rc3 90. Qh7 f5 91. Qg8+ Kf4 92. Qa2 Rg3+ 93. Kh2 Re3 94. Kg2 Rg3+ 95. Kh2 Rd3 96. Kg2 Bd4 97. Qa5 Rg3+ 98. Kh2 Rh3+ 99. Kg2 Rg3+ 100. Kh2 Rc3 101. Qa4 Rd3 102. Qa5 Rd1 103. Qa3 Be5 104. Kg2 Rd2+ 105. Kh1 Rd1+ 106. Kg2 Rd2+ 107. Kh1 Rb2 108. Qd3 Bf6 109. Qc4+ Kg5 110. Qd5 Rc2 111. Qg8+ Kh4 112. Qe6 Rc1+ 113. Kg2 Rc2+ 114. Kh1 Kg5 115. Qg8+ Kf4 116. Qb8+ Be5 117. Qb1 Rb2 118. Qc1+ Ke4 119. Qc4+ Ke3 120. Qc5+ Ke4 121. Qc4+ 1/2-1/2

[Event "Quebec int"]
[Site "Montreal CAN"]
[Date "1986.??.??"]
[Round "5"]
[White "Georgiev, Kiril"]
[Black "Ivanov, Igor V"]
[Result "1-0"]
[WhiteElo "2545"]
[BlackElo "2485"]
[PlyCount "69"]
[GameId "2160767912717394"]
[EventDate "1986.??.??"]
[EventType "tourn"]
[EventRounds "9"]
[EventCountry "CAN"]
[EventCategory "8"]
[SourceTitle "EXT 2002"]
[Source "ChessBase"]
[SourceDate "2001.11.25"]
[SourceVersion "1"]
[SourceVersionDate "2001.11.25"]
[SourceQuality "1"]

1. e4 e5 2. Nf3 Nc6 3. Bb5 a6 4. Ba4 Nf6 5. O-O Nxe4 6. d4 b5 7. Bb3 d5 8. dxe5 Be6 9. Nbd2 Nc5 10. c3 Nd3 11. Qe2 Nxc1 12. Raxc1 Na5 13. Nd4 Nxb3 14. axb3 c5 15. Nxe6 fxe6 16. Qg4 Kf7 17. f4 g6 18. Nf3 h6 19. h4 Be7 20. h5 Qg8 21. Nh4 Bxh4 22. Qxh4 Ke8 23. b4 gxh5 24. Qxh5+ Qf7 25. Qh3 Qf5 26. Qxf5 exf5 27. Rfd1 Rc8 28. bxc5 Rxc5 29. Ra1 Rc6 30. Rxd5 Rh7 31. Rad1 Rb7 32. Rd8+ Kf7 33. R1d6 Rbc7 34. Rh8 Kg7 35. Rhxh6 1-0

[Event "Quebec int"]
[Site "Montreal CAN"]
[Date "1986.??.??"]
[Round "7"]
[White "Lein, Anatoly"]
[Black "Ivanov, Igor V"]
[Result "1-0"]
[WhiteElo "2535"]
[BlackElo "2485"]
[PlyCount "77"]
[GameId "2160767912717404"]
[EventDate "1986.??.??"]
[EventType "tourn"]
[EventRounds "9"]
[EventCountry "CAN"]
[EventCategory "8"]
[SourceTitle "EXT 1999"]
[Source "ChessBase"]
[SourceDate "1998.11.10"]
[SourceVersion "1"]
[SourceVersionDate "1998.11.10"]
[SourceQuality "1"]

1. e4 c5 2. Nf3 d6 3. d4 cxd4 4. Nxd4 Nf6 5. Nc3 Nc6 6. Bg5 e6 7. Qd2 h6 8. Bxf6 gxf6 9. O-O-O a6 10. f4 Qc7 11. Be2 h5 12. Kb1 Be7 13. Rhf1 Rb8 14. Rfe1 Nxd4 15. Qxd4 b5 16. Bf3 Qc5 17. Qd2 Kf8 18. Ne2 b4 19. Nd4 Bb7 20. Re3 a5 21. c3 e5 22. Ne2 h4 23. cxb4 axb4 24. Rc1 Qa5 25. Ra3 Qb6 26. Rb3 f5 27. exf5 Bxf3 28. gxf3 Rg8 29. a3 Qf2 30. f6 Bxf6 31. Qxd6+ Kg7 32. fxe5 Bg5 33. Rg1 Kh7 34. Rxg5 Rxg5 35. Qxb8 Qxe2 36. Qxb4 Qxh2 37. Qe4+ Kg7 38. e6 h3 39. Rb7 1-0

[Event "Quebec int"]
[Site "Montreal CAN"]
[Date "1986.??.??"]
[Round "9"]
[White "Sax, Gyula"]
[Black "Ivanov, Igor V"]
[Result "1/2-1/2"]
[WhiteElo "2545"]
[BlackElo "2485"]
[PlyCount "80"]
[GameId "2160767912717415"]
[EventDate "1986.??.??"]
[EventType "tourn"]
[EventRounds "9"]
[EventCountry "CAN"]
[EventCategory "8"]
[SourceTitle "EXT 1999"]
[Source "ChessBase"]
[SourceDate "1998.11.10"]
[SourceVersion "1"]
[SourceVersionDate "1998.11.10"]
[SourceQuality "1"]

1. e4 e5 2. Nf3 Nc6 3. Bb5 a6 4. Ba4 Nf6 5. O-O Be7 6. Re1 b5 7. Bb3 O-O 8. a4 b4 9. d4 d6 10. dxe5 Nxe5 11. Nxe5 dxe5 12. Qf3 Bb7 13. Nd2 Kh8 14. Qf5 Bc5 15. Nf1 Qc8 16. Be3 Nxe4 17. Qxc8 Raxc8 18. Bxc5 Nxc5 19. Rxe5 Nxb3 20. cxb3 Rfd8 21. Ne3 Rd3 22. Rc1 h6 23. Re7 Rxb3 24. Rc2 Kg8 25. h4 Kf8 26. Rexc7 Rxc7 27. Rxc7 Be4 28. Nc4 Bd5 29. Ne3 Be6 30. Rc2 Rd3 31. Rc6 b3 32. Rxa6 Rd2 33. Rb6 Rxb2 34. a5 Ke7 35. a6 g5 36. hxg5 hxg5 37. g4 Kd7 38. Nf5 Rb1+ 39. Kh2 Rf1 40. Rb7+ Kc6 1/2-1/2

[Event "Quebec op"]
[Site "Ste-Agathe CAN"]
[Date "1985.08.12"]
[Round "2"]
[White "Ivanov, Igor V"]
[Black "Xanthos, Constantin"]
[Result "1/2-1/2"]
[WhiteElo "2505"]
[BlackElo "1963"]
[PlyCount "121"]
[GameId "2160767912717844"]
[EventDate "1985.08.11"]
[EventType "swiss"]
[EventRounds "8"]
[EventCountry "CAN"]
[SourceTitle "EXT 2022"]
[Source "ChessBase"]
[SourceDate "2021.10.06"]
[SourceVersion "1"]
[SourceVersionDate "2021.10.06"]
[SourceQuality "1"]

1. Nf3 f5 2. g3 Nf6 3. Bg2 e6 4. O-O Be7 5. c4 O-O 6. Nc3 d6 7. d4 c6 8. b3 Qe8 9. Re1 d5 10. Qc2 Nbd7 11. cxd5 Nxd5 12. e4 Nxc3 13. Qxc3 fxe4 14. Ng5 Bxg5 15. Bxg5 Qf7 16. Qc2 Qh5 17. Be7 Rf7 18. Rxe4 Rxe7 19. Rh4 Qf5 20. Be4 Qg5 21. Bxh7+ Kf7 22. Re1 Ke8 23. Rh5 Qf6 24. Re4 g6 25. Rh6 Nf8 26. Bxg6+ Nxg6 27. Rf4 Qxf4 28. gxf4 Nxf4 29. h4 Kd7 30. Qe4 Nd5 31. Qe5 b6 32. f4 Ba6 33. f5 Rae8 34. h5 Bd3 35. fxe6+ Rxe6 36. Rxe6 Rxe6 37. Qg7+ Re7 38. Qg4+ Kd8 39. Qg3 Bh7 40. Qd6+ Rd7 41. Qxc6 Ne7 42. Qf6 Ke8 43. Qh8+ Ng8 44. d5 Kf8 45. d6 Bf5 46. h6 Rh7 47. Qe5 Nxh6 48. Kg2 Rf7 49. a4 Bd7 50. a5 Bc6+ 51. Kg3 Rg7+ 52. Kh4 Rf7 53. b4 Bd7 54. Qh8+ Ng8 55. Qd4 bxa5 56. bxa5 a6 57. Qb6 Bb5 58. Kg5 Nf6 59. Qd4 Bc6 60. Qxf6 Rxf6 61. Kxf6 1/2-1/2